[Event "GER-chT Lands U20"]
[Site "Wuerzburg"]
[Date "2019.10.04"]
[Round "5.4"]
[White "Riegel, Arinna"]
[Black "Bakiev, Diyor"]
[Result "1/2-1/2"]
[WhiteElo "1894"]
[BlackElo "2088"]
[PlyCount "75"]
[EventDate "2019.10.01"]
[EventType "team-swiss"]
[EventRounds "7"]
[EventCountry "GER"]
[SourceTitle "EXT 2020"]
[Source "ChessBase"]
[SourceDate "2019.10.17"]
[SourceVersion "1"]
[SourceVersionDate "2019.10.17"]
[SourceQuality "1"]
[WhiteTeam "Baden"]
[BlackTeam "Hessen"]
[WhiteTeamCountry "GER"]
[BlackTeamCountry "GER"]

1. Nf3 d5 2. g3 Nf6 3. Bg2 c5 4. d4 e6 5. 0-0 Nc6 6. c4 Be7 7. Nc3 dxc4 8. Qa4 0-0 9. dxc5 Bxc5 10. Qxc4 Bb6 11. Rd1 Qe7 12. Bf4 e5 13. Bg5 Be6 14. Qh4 h6 15. Bxf6 Qxf6 16. Qxf6 gxf6 17. Nd5 Kg7 18. Nxb6 axb6 19. a3 Rfd8 20. Kf1 Na5 21. Nd2 Rac8 22. b4 Bb3 23. Rdb1 Bc2 24. Rb2 Rxd2 25. bxa5 bxa5 26. Bxb7 Rc3 27. Be4 Rd1+ 28. Rxd1 Bxd1 29. Ke1 Ba4 30. Ra2 Bb3 31. Ra1 a4 32. Kd2 Rc4 33. Bd3 Rd4 34. Kc3 Kf8 35. Rc1 Ke7 36. Kb2 Kd6 37. Kc3 Ke7 38. Bb5 1/2-1/2

[Event "BL2 Sued 1819 (Women)"]
[Site "Germany"]
[Date "2018.11.18"]
[Round "4.4"]
[White "Zimmer, Elke"]
[Black "Riegel, Arinna"]
[Result "1/2-1/2"]
[WhiteElo "1930"]
[BlackElo "1925"]
[PlyCount "205"]
[EventDate "2018.10.27"]
[EventType "team-tourn"]
[EventRounds "7"]
[EventCountry "GER"]
[SourceTitle "CBM 190 Extra"]
[Source "ChessBase"]
[SourceDate "2019.07.15"]
[SourceVersion "1"]
[SourceVersionDate "2019.07.15"]
[SourceQuality "1"]
[WhiteTeam "Wadgassen/Differten (W)"]
[BlackTeam "Langen (W)"]
[WhiteTeamCountry "GER"]
[BlackTeamCountry "GER"]

1. e4 c5 2. Nc3 Nc6 3. Bc4 a6 4. a4 e6 5. d3 Qc7 6. Nf3 Nf6 7. Bd2 Be7 8. 0-0 0-0 9. Re1 d6 10. Ba2 b6 11. h3 Bb7 12. Bf4 h6 13. Qd2 Kh7 14. g4 e5 15. Be3 Nd4 16. Qd1 Qd7 17. Bxd4 cxd4 18. Ne2 Rac8 19. Ng3 g6 20. Bb3 Kg7 21. Kg2 Ne8 22. Nd2 Nc7 23. f3 Ne6 24. Bxe6 Qxe6 25. Nc4 Bd8 26. Qd2 Qd7 27. b3 Qc6 28. Re2 Qc5 29. Qe1 Bg5 30. h4 Bf6 31. h5 Rh8 32. b4 Qc7 33. b5 a5 34. hxg6 fxg6 35. Qf2 Rhf8 36. Rh1 Bg5 37. Qe1 Rce8 38. Rf1 Bc8 39. Qa1 Be6 40. Na3 Rf7 41. Nb1 Ref8 42. c4 Rf6 43. Nd2 Kf7 44. Qd1 Ke8 45. Rh1 Qc5 46. Ngf1 Qa3 47. Nb1 Qb4 48. Nfd2 Qc5 49. Ree1 Qc7 50. Qe2 Qf7 51. Ref1 Qg7 52. Rfg1 Be3 53. Kf1 Bxg1 54. Rxg1 Rf4 55. Ke1 Qe7 56. Qh2 Qg5 57. Kd1 Rh8 58. Kc2 h5 59. gxh5 Qxh5 60. Qg3 Bf7 61. Rg2 Qh4 62. Qxh4 Rhxh4 63. Kd1 Rh3 64. Ke2 Ke7 65. Na3 Kf6 66. Nc2 g5 67. Ne1 Rfh4 68. Nf1 Be6 69. Rf2 Ke7 70. Kd2 g4 71. Ng2 g3 72. Nxg3 Rh8 73. Nf1 Rf8 74. f4 exf4 75. Nxf4 Rh6 76. Ng3 Rf7 77. Ke1 Kd7 78. Nxe6 Rxf2 79. Nc5+ dxc5 80. Kxf2 Rh2+ 81. Kf3 Ra2 82. e5 Rxa4 83. Ke4 Ke6 84. Nh5 Ra1 85. Nf4+ Kd7 86. Kd5 a4 87. e6+ Ke8 88. Kd6 Re1 89. Nd5 Rxe6+ 90. Kxe6 a3 91. Nxb6 a2 92. Nd7 a1Q 93. Nxc5 Qb2 94. Kd6 Qh2+ 95. Kc6 Qh6+ 96. Kd5 Qf6 97. Ne4 Qb6 98. c5 Qd8+ 99. Nd6+ Kd7 100. Kxd4 Qf6+ 101. Kc4 Qf4+ 102. d4 Qc1+ 103. Kd3 1/2-1/2

[Event "GER-ch U25-A"]
[Site "Willingen"]
[Date "2016.05.20"]
[Round "8"]
[White "Riegel, Arinna"]
[Black "Bangert, Benjamin"]
[Result "1/2-1/2"]
[WhiteElo "1695"]
[BlackElo "1776"]
[PlyCount "60"]
[EventDate "2016.05.15"]
[EventType "swiss"]
[EventRounds "9"]
[EventCountry "GER"]
[SourceTitle "CBM 172 Extra"]
[Source "ChessBase"]
[SourceDate "2016.06.21"]
[SourceVersion "1"]
[SourceVersionDate "2016.06.21"]
[SourceQuality "1"]

1. e4 e6 2. d4 d5 3. exd5 exd5 4. Bd3 Nf6 5. h3 Be7 6. Qf3 Be6 7. Ne2 Nbd7 8. Ng3 a6 9. 0-0 c5 10. dxc5 Nxc5 11. Bf5 0-0 12. c3 Rc8 13. Na3 Na4 14. Nc2 Bd6 15. Nd4 Qd7 16. Rb1 Bxg3 17. Bxe6 Bxf2+ 18. Rxf2 fxe6 19. Qe3 Ne4 20. Rf3 Nac5 21. Bd2 e5 22. Rxf8+ Rxf8 23. Nf3 Qf5 24. Rd1 Qf6 25. Bc1 Rd8 26. Kh2 Qe6 27. b4 Nd7 28. c4 Nef6 29. Bb2 d4 30. Qe2 Qe7 1/2-1/2

[Event "GER-ch U25-A"]
[Site "Willingen"]
[Date "2016.05.18"]
[Round "6"]
[White "Riegel, Arinna"]
[Black "Fischer, Maxi"]
[Result "1-0"]
[WhiteElo "1695"]
[BlackElo "1640"]
[PlyCount "87"]
[EventDate "2016.05.15"]
[EventType "swiss"]
[EventRounds "9"]
[EventCountry "GER"]
[SourceTitle "CBM 172 Extra"]
[Source "ChessBase"]
[SourceDate "2016.06.21"]
[SourceVersion "1"]
[SourceVersionDate "2016.06.21"]
[SourceQuality "1"]

1. Nf3 f5 2. c4 Nf6 3. Nc3 g6 4. g3 Bg7 5. Bg2 d6 6. d4 0-0 7. 0-0 Kh8 8. Rb1 Qe8 9. b3 Nbd7 10. Ba3 Rg8 11. Nb5 Ne4 12. Nxc7 Qd8 13. Nxa8 e5 14. Bb2 Re8 15. dxe5 dxe5 16. Qd5 h6 17. Rfd1 Kh7 18. Nh4 Re7 19. Bxe4 fxe4 20. Qd6 Qe8 21. Nc7 Qf7 22. Qd5 Qf6 23. Nb5 Rf7 24. Rf1 Nb6 25. Qxe4 Bh3 26. Ng2 Bf5 27. Qf3 Bxb1 28. Qxf6 Bxf6 29. Rxb1 a6 30. Nc3 Nd7 31. Ne4 Bg7 32. Rd1 Nf8 33. Ne3 Re7 34. Ba3 Rf7 35. Bxf8 Bxf8 36. Nd5 Bg7 37. Nb6 g5 38. Rd7 Rxd7 39. Nxd7 b5 40. cxb5 axb5 41. Nd6 b4 42. Nc4 e4 43. Nc5 Kg6 44. Nxe4 1-0

[Event "BL2 Sued 1516 (Women)"]
[Site "Germany"]
[Date "2016.02.27"]
[Round "6.6"]
[White "Riegel, Arinna"]
[Black "Leinenbach, Janine"]
[Result "0-1"]
[WhiteElo "1610"]
[BlackElo "1767"]
[PlyCount "42"]
[EventDate "2015.09.26"]
[EventType "team-tourn"]
[EventRounds "7"]
[EventCountry "GER"]
[SourceTitle "EXT 2017"]
[Source "ChessBase"]
[SourceDate "2016.10.25"]
[SourceVersion "1"]
[SourceVersionDate "2016.10.25"]
[SourceQuality "1"]
[WhiteTeam "Langen (W)"]
[BlackTeam "Wadgassen/Differten (W)"]
[WhiteTeamCountry "GER"]
[BlackTeamCountry "GER"]

1. Nf3 Nf6 2. g3 e6 3. Bg2 Be7 4. 0-0 d5 5. d4 0-0 6. c4 c6 7. cxd5 cxd5 8. Nc3 Nc6 9. Bf4 a6 10. Rc1 Bd7 11. a3 Rc8 12. Na4 b5 13. Nc5 Qb6 14. Nxd7 Nxd7 15. Rc3 Qb7 16. Qc2 Na5 17. Rc1 Rxc3 18. Qxc3 Bd8 19. Bd6 Re8 20. Qc8 Nb6 21. Bb4 Nxc8 0-1

[Event "GER-chT Lands U20"]
[Site "Hannover"]
[Date "2015.10.05"]
[Round "4.6"]
[White "Yi, Danny"]
[Black "Riegel, Arinna"]
[Result "1-0"]
[WhiteElo "1746"]
[BlackElo "1564"]
[PlyCount "61"]
[EventDate "2015.10.03"]
[EventType "team-swiss"]
[EventRounds "7"]
[EventCountry "GER"]
[SourceTitle "CBM 168 Extra"]
[Source "ChessBase"]
[SourceDate "2015.10.29"]
[SourceVersion "1"]
[SourceVersionDate "2015.10.29"]
[SourceQuality "1"]
[WhiteTeam "Wuerttemberg (U20)"]
[BlackTeam "Baden (U20) II"]
[WhiteTeamCountry "GER"]
[BlackTeamCountry "GER"]

1. e4 c5 2. Nf3 e6 3. d4 cxd4 4. Nxd4 a6 5. Nc3 Qc7 6. Bd3 Nf6 7. 0-0 b5 8. a4 bxa4 9. Rxa4 Bb7 10. Nde2 Nc6 11. Bf4 Bd6 12. Bg3 Nh5 13. Kh1 Nxg3+ 14. Nxg3 g6 15. Qe2 Nb8 16. Qg4 h5 17. Qh4 Bf4 18. Nge2 g5 19. Qh3 Be5 20. Qe3 g4 21. f4 Bf6 22. e5 Be7 23. Rc4 Qd8 24. f5 Bg5 25. Qf2 h4 26. fxe6 Qe7 27. Qxf7+ Qxf7 28. exf7+ Ke7 29. Rxg4 Be3 30. Rg8 Nc6 31. Nd5+ 1-0

[Event "GER-chT Lands U20"]
[Site "Hannover"]
[Date "2015.10.04"]
[Round "3.6"]
[White "Riegel, Arinna"]
[Black "Woelk, Tom Frederic"]
[Result "1/2-1/2"]
[WhiteElo "1564"]
[BlackElo "1685"]
[PlyCount "131"]
[EventDate "2015.10.03"]
[EventType "team-swiss"]
[EventRounds "7"]
[EventCountry "GER"]
[SourceTitle "CBM 168 Extra"]
[Source "ChessBase"]
[SourceDate "2015.10.29"]
[SourceVersion "1"]
[SourceVersionDate "2015.10.29"]
[SourceQuality "1"]
[WhiteTeam "Baden (U20) II"]
[BlackTeam "Hamburg (U20)"]
[WhiteTeamCountry "GER"]
[BlackTeamCountry "GER"]

1. d4 Nf6 2. c4 e6 3. Nf3 b6 4. g3 Bb7 5. Bg2 Be7 6. 0-0 0-0 7. Nc3 d5 8. Re1 Nbd7 9. Qc2 Rc8 10. cxd5 exd5 11. Bh3 c5 12. dxc5 Bxc5 13. Qd3 Qe7 14. Bg5 Rcd8 15. Qb5 a6 16. Qa4 Ne5 17. Nxe5 Qxe5 18. Qf4 Qxf4 19. Bxf4 Ne4 20. Nxe4 dxe4 21. Red1 Bc8 22. Bxc8 Rxc8 23. Bd6 Rfe8 24. e3 f6 25. Rac1 Kf7 26. Bxc5 bxc5 27. Rd2 Ke6 28. Rdc2 Kd5 29. b4 Re7 30. Rxc5+ Rxc5 31. Rxc5+ Kd6 32. Ra5 Kc6 33. Kf1 Kb6 34. Ke2 Rc7 35. Kd2 Rd7+ 36. Kc2 Rc7+ 37. Kb3 Rd7 38. Rc5 g6 39. Kc2 Rd3 40. Rc3 Rd5 41. Rc4 Re5 42. Kd2 Kb5 43. Rd4 Re6 44. Kc3 Ka4 45. Kb2 f5 46. a3 a5 47. Rd7 axb4 48. Ra7+ Kb5 49. Rb7+ Kc6 50. Rxb4 Re7 51. a4 Ra7 52. Kb3 Rd7 53. Kc2 Kc5 54. Rb3 Ra7 55. Ra3 Kb4 56. Ra2 Rc7+ 57. Kb2 Ra7 58. a5 Rxa5 59. Rxa5 Kxa5 60. Kc3 Ka4 61. Kc4 Ka3 62. Kc3 Ka2 63. Kc2 Ka3 64. Kc3 Ka2 65. Kc2 Ka3 66. Kc3 1/2-1/2

[Event "GER-chT U18 Girls"]
[Site "Karlsruhe"]
[Date "2015.05.09"]
[Round "6.1"]
[White "Kuemmel, Tina"]
[Black "Riegel, Arinna"]
[Result "1/2-1/2"]
[WhiteElo "1381"]
[BlackElo "1640"]
[PlyCount "64"]
[EventDate "2015.05.07"]
[EventType "team-swiss"]
[EventRounds "7"]
[EventCountry "GER"]
[SourceTitle "EXT 2017"]
[Source "ChessBase"]
[SourceDate "2016.10.25"]
[SourceVersion "1"]
[SourceVersionDate "2016.10.25"]
[SourceQuality "1"]
[WhiteTeam "Koethen Ludwigs (W)"]
[BlackTeam "Bad Mergentheim (W)"]
[WhiteTeamCountry "GER"]
[BlackTeamCountry "GER"]

1. Nf3 Nc6 2. g3 e5 3. d3 d5 4. Bg2 Nf6 5. 0-0 Be7 6. Nbd2 Bf5 7. Re1 0-0 8. c3 Qd7 9. Qc2 Rad8 10. e4 dxe4 11. dxe4 Bh3 12. Nc4 Bxg2 13. Kxg2 Qe6 14. Ne3 Bc5 15. Bd2 Rd7 16. Rad1 Rfd8 17. b3 h6 18. Nc4 Rd3 19. Nb2 R3d7 20. Nc4 a6 21. Nb2 b5 22. c4 Ba3 23. cxb5 Bxb2 24. Qxb2 axb5 25. Qc2 Nd4 26. Nxd4 Rxd4 27. f3 Qd7 28. Re2 Rd3 29. Rf2 c5 30. Qxc5 Qe8 31. Kf1 R8d6 32. Ke1 Rd8 1/2-1/2